Compendio de derecho procesal constitucional /
Guardado en:
| Autor Principal: | |
|---|---|
| Formato: | Libro |
| Idioma: | Spanish |
| Publicado: |
Buenos Aires :
Astrea,
2009
|
| Edición: | 2a. ed. reimp. |
| Materias: | |
| Etiquetas: |
Agregar Etiqueta
Sin Etiquetas, Sea el primero en etiquetar este registro!
|
| LEADER | 00652nam a22001695a 4500 | ||
|---|---|---|---|
| 001 | DER.der013368 | ||
| 008 | 180615s2009####ag#||||||||||||||#||spa|| | ||
| 005 | 20260310163935.0 | ||
| 245 | 1 | 0 | |a Compendio de derecho procesal constitucional / |c Néstor Pedro Sagüés. |
| 250 | |a 2a. ed. reimp. | ||
| 260 | |a Buenos Aires : |b Astrea, |c 2009 | ||
| 300 | |a 880 p. | ||
| 500 | |a Control de constitucionalidad. Recurso extraordinario. Acción de amparo. Hábeas data. Hábeas corpus. Acción declarativa de inconstitucionalidad. | ||
| 020 | |a 9789505088775 | ||
| 100 | 1 | |a Sagüés, Néstor Pedro | |
| 650 | 7 | |a DERECHO CONSTITUCIONAL | |
| 859 | |a DERECHO |b BIB. DERECHO |h 342 |i SAG |p 008302 | ||
